[Event "DVM U16 2014"]
[Site "Magdeburg GER"]
[Date "2014.12.30"]
[Round "7"]
[White "Chittka, Julius"]
[Black "Grieb, Lukas"]
[Result "1-0"]
[Termination "normal"]
[Board "7.2"]
[WhiteElo "1962"]
[BlackElo "1615"]
[WhiteTeam "VfSuF Düsseldorf-Süd"]
[BlackTeam "SK Gau-Algesheim"]
[PlyCount "55"]
[WhiteFideId "12954772"]
[BlackFideId "1271993"]
[EventCountry "GER"]
[EventRounds "7"]
[EventType "team-swiss"]
[EventDate "2014.12.26"]

1. e4 c5 2. Nf3 Nc6 3. g3 Nf6 4. Nc3 e6 5. Bg2 Be7 6. d4 cxd4 7. Nxd4 O-O 8.
O-O d5 9. Be3 Bb4 10. Nxc6 bxc6 11. e5 Bxc3 12. bxc3 Nd7 13. f4 Ba6 14. Re1 Bc4
15. Bf1 Nb6 16. Bd3 Bb5 17. Qh5 h6 18. g4 Na4 19. g5 Bxd3 20. cxd3 hxg5 21.
fxg5 Nxc3 22. Bd4 Na4 23. Re3 Re8 24. Rf1 Qc7 25. Rh3 Kf8 26. Rhf3 f6 27. gxf6
gxf6 28. Rxf6+ 1-0

[Event "DVM U16 2014"]
[Site "Magdeburg GER"]
[Date "2014.12.30"]
[Round "7"]
[White "Erlekam, Simon"]
[Black "Surguchov, Alexander"]
[Result "0-1"]
[Termination "normal"]
[Board "7.3"]
[WhiteElo "1846"]
[BlackElo "1748"]
[WhiteTeam "SK Gau-Algesheim"]
[BlackTeam "VfSuF Düsseldorf-Süd"]
[PlyCount "56"]
[WhiteFideId "12921416"]
[BlackFideId "1272035"]
[EventCountry "GER"]
[EventRounds "7"]
[EventType "team-swiss"]
[EventDate "2014.12.26"]

1. e4 e6 2. d4 d5 3. Nd2 Ne7 4. Bd3 Ng6 5. Ndf3 b6 6. Ne2 Ba6 7. O-O Bxd3 8.
Qxd3 c5 9. c3 c4 10. Qc2 Be7 11. Bd2 Nc6 12. Rae1 O-O 13. Ng3 b5 14. Re2 a5 15.
Rfe1 Ra7 16. Kf1 Qd7 17. Bg5 Bxg5 18. Nxg5 h6 19. Nh3 b4 20. Kg1 a4 21. e5 a3
22. f4 axb2 23. Qxb2 bxc3 24. Qxc3 Rfa8 25. Qf3 Nxd4 26. Qh5 Nxe2+ 27. Rxe2
Rxa2 28. f5 Rxe2 0-1

[Event "DVM U16 2014"]
[Site "Magdeburg GER"]
[Date "2014.12.30"]
[Round "7"]
[White "Schmitz, Fabian"]
[Black "Jusman, Jesse Samuel"]
[Result "1-0"]
[Termination "normal"]
[Board "7.4"]
[WhiteElo "1558"]
[BlackElo "1253"]
[WhiteTeam "VfSuF Düsseldorf-Süd"]
[BlackTeam "SK Gau-Algesheim"]
[PlyCount "107"]
[WhiteFideId "12965006"]
[BlackFideId "12926043"]
[EventCountry "GER"]
[EventRounds "7"]
[EventType "team-swiss"]
[EventDate "2014.12.26"]

1. e4 c5 2. Nc3 e6 3. g3 Be7 4. Bg2 Nc6 5. Nge2 Nf6 6. O-O O-O 7. d3 Qc7 8. Be3
Rd8 9. Qd2 b6 10. f4 Bb7 11. h3 d5 12. Nb5 Qd7 13. e5 Ne8 14. Na3 Rac8 15. g4
Bf8 16. h4 f6 17. exf6 gxf6 18. f5 e5 19. Qe1 Kf7 20. g5 Ke7 21. g6 h6 22. Ng3
Kd6 23. Nb5+ Ke7 24. Nh5 Ng7 25. Ng3 a6 26. Na3 Ne8 27. Qd2 Kd6 28. Bxh6 Bxh6
29. Qxh6 Ng7 30. Qe3 Rh8 31. Qf3 Nd4 32. Qg4 Rh6 33. c3 Nc6 34. Bxd5 Kc7 35.
Be4 Rch8 36. h5 Ne7 37. Rf2 Nxh5 38. Nxh5 Rxh5 39. g7 R8h7 40. Bxb7 Rg5 41.
Qxg5 fxg5 42. f6 Kxb7 43. f7 Qg4+ 44. Rg2 Rh1+ 45. Kxh1 Qh3+ 46. Kg1 Qe3+ 47.
Rf2 Qg3+ 48. Kf1 Qxd3+ 49. Ke1 Qe3+ 50. Kd1 Qd3+ 51. Kc1 Qe3+ 52. Rd2 Qe1+ 53.
Kc2 Qe4+ 54. Rd3 1-0

[Event "DVM U16 2014"]
[Site "Magdeburg GER"]
[Date "2014.12.30"]
[Round "7"]
[White "Feyer, Leon"]
[Black "Altstadt, Karl-Simon"]
[Result "0-1"]
[Termination "normal"]
[Board "8.2"]
[WhiteElo "1824"]
[BlackElo "1915"]
[WhiteTeam "SV Empor Berlin"]
[BlackTeam "USV Halle"]
[PlyCount "48"]
[WhiteFideId "12957240"]
[BlackFideId "24696676"]
[EventCountry "GER"]
[EventRounds "7"]
[EventType "team-swiss"]
[EventDate "2014.12.26"]

1. e4 c5 2. Nf3 d6 3. c3 Nf6 4. Be2 Nc6 5. Qc2 e6 6. d4 cxd4 7. cxd4 Bd7 8. Nc3
Rc8 9. Bg5 Be7 10. O-O h6 11. Bf4 O-O 12. Rac1 Qa5 13. Qb3 e5 14. dxe5 dxe5 15.
Bg3 Nd4 16. Nxd4 exd4 17. Nd5 Nxd5 18. exd5 Qd2 19. Rxc8 Rxc8 20. Qxb7 Qxe2 21.
Qxd7 Rd8 22. Qb7 d3 23. Qb3 Rc8 24. d6 Qxf1+ 0-1

[Event "DVM U16 2014"]
[Site "Magdeburg GER"]
[Date "2014.12.30"]
[Round "7"]
[White "Hartge, Gedeon"]
[Black "Denkert, Anna"]
[Result "1-0"]
[Termination "normal"]
[Board "8.3"]
[WhiteElo "1889"]
[BlackElo "1716"]
[WhiteTeam "USV Halle"]
[BlackTeam "SV Empor Berlin"]
[PlyCount "121"]
[WhiteFideId "12932116"]
[BlackFideId "12938122"]
[EventCountry "GER"]
[EventRounds "7"]
[EventType "team-swiss"]
[EventDate "2014.12.26"]

1. d4 Nf6 2. c4 c5 3. d5 b5 4. cxb5 a6 5. bxa6 Bxa6 6. Nc3 g6 7. e4 d6 8. Bxa6
Nxa6 9. Nf3 Bg7 10. O-O O-O 11. Qe2 Nd7 12. a4 Qb6 13. Kh1 Qb4 14. Nb5 Nb6 15.
Qc2 Nb8 16. Nc3 Nc4 17. Nd2 Nxd2 18. Bxd2 Nd7 19. b3 c4 20. Rab1 cxb3 21. Qxb3
Qxb3 22. Rxb3 Nc5 23. Rb4 Bxc3 24. Bxc3 Rxa4 25. Rxa4 Nxa4 26. Bd4 e5 27. dxe6
fxe6 28. Rc1 Nc5 29. f3 Nb3 30. Rd1 Nxd4 31. Rxd4 Ra8 32. Kg1 Ra6 33. Rb4 h5
34. Rb7 d5 35. exd5 exd5 36. Rd7 Ra1+ 37. Kf2 Rd1 38. h4 Rd4 39. g3 Kf8 40. Ke3
Rd1 41. Kf4 Rd3 42. g4 hxg4 43. fxg4 Ra3 44. Rxd5 Ra6 45. Kg5 Kf7 46. Rd7+ Kf8
47. Rb7 Kg8 48. Kh6 Ra4 49. Rg7+ Kh8 50. Rb7 Kg8 51. g5 Rxh4+ 52. Kxg6 Kf8 53.
Rb8+ Ke7 54. Kg7 Rg4 55. g6 Rg1 56. Rb2 Re1 57. Rf2 Ke8 58. Kg8 Ke7 59. g7 Ke8
60. Rh2 Re3 61. Kh8 1-0

[Event "DVM U16 2014"]
[Site "Magdeburg GER"]
[Date "2014.12.30"]
[Round "7"]
[White "Denkert, Robert"]
[Black "Perekhozhuk, Maksym"]
[Result "1/2-1/2"]
[Termination "normal"]
[Board "8.4"]
[WhiteElo "1711"]
[BlackElo "1785"]
[WhiteTeam "SV Empor Berlin"]
[BlackTeam "USV Halle"]
[PlyCount "168"]
[WhiteFideId "12957216"]
[BlackFideId "12914860"]
[EventCountry "GER"]
[EventRounds "7"]
[EventType "team-swiss"]
[EventDate "2014.12.26"]

1. a3 d5 2. Nf3 g6 3. c4 Nf6 4. g3 Bg7 5. Bg2 O-O 6. cxd5 Nxd5 7. O-O Nc6 8.
Nc3 Nxc3 9. bxc3 Bf5 10. Nh4 Be6 11. Rb1 Rb8 12. d4 Bc4 13. Re1 Qd7 14. Nf3
Rfd8 15. Qa4 b5 16. Qc2 e5 17. e3 Re8 18. Bf1 Bxf1 19. Rxf1 Qg4 20. Kg2 e4 21.
Nd2 h5 22. c4 bxc4 23. Rxb8 Nxb8 24. Qxc4 Qd7 25. a4 Nc6 26. Ba3 Rb8 27. Rc1
Rb6 28. a5 Nxa5 29. Qxc7 Qe6 30. Qxa7 Nb3 31. Nxb3 Rxb3 32. Qa4 Rd3 33. Bc5 Qg4
34. h3 Qf3+ 35. Kg1 h4 36. Bd6 Bh6 37. Qe8+ Kh7 38. Be5 Bg7 39. Bxg7 Kxg7 40.
Qe5+ Kh7 41. Qf4 hxg3 42. Qh4+ Kg7 43. Qxg3 Qxg3+ 44. fxg3 Rxe3 45. Kf2 Rd3 46.
g4 Rxd4 47. Ke3 Rd3+ 48. Kxe4 Rxh3 49. Kf4 Ra3 50. g5 Ra5 51. Rc4 Rf5+ 52. Kg4
Kf8 53. Re4 Kg7 54. Ra4 Rb5 55. Rc4 Rb1 56. Rc8 Rg1+ 57. Kf4 Rf1+ 58. Kg4 Rf2
59. Kh4 Rg2 60. Rb8 f5 61. gxf6+ Kxf6 62. Kh3 Rg5 63. Rb4 Rf5 64. Kg4 Rg5+ 65.
Kf4 Rg1 66. Rb6+ Kg7 67. Rb3 Kh6 68. Kf3 g5 69. Kf2 Ra1 70. Rb2 Kh5 71. Kg2 Kh4
72. Rb4+ g4 73. Rb2 Ra3 74. Rc2 Rg3+ 75. Kh2 Re3 76. Kg2 Kg5 77. Ra2 Kf4 78.
Rb2 Ra3 79. Rc2 g3 80. Rc4+ Kf5 81. Rc2 Ke4 82. Rb2 Kd4 83. Rb4+ Kc3 84. Rg4
Kd2 1/2-1/2

[Event "DVM U16 2014"]
[Site "Magdeburg GER"]
[Date "2014.12.30"]
[Round "7"]
[White "Donath, Johann"]
[Black "Wiesner, Alexander"]
[Result "1-0"]
[Termination "normal"]
[Board "9.2"]
[WhiteElo "2065"]
[BlackElo "1799"]
[WhiteTeam "BSV 63 Chemie Weißensee"]
[BlackTeam "Karlsruher SF 1853"]
[PlyCount "81"]
[WhiteFideId "24685160"]
[BlackFideId "12943991"]
[EventCountry "GER"]
[EventRounds "7"]
[EventType "team-swiss"]
[EventDate "2014.12.26"]

1. e4 c5 2. c3 d5 3. exd5 Qxd5 4. d4 Nf6 5. Nf3 Bg4 6. dxc5 Qxd1+ 7. Kxd1 e5 8.
b4 e4 9. h3 Bh5 10. g4 Nxg4 11. hxg4 Bxg4 12. Be2 exf3 13. Bd3 h5 14. Nd2 Nc6
15. Nc4 Rd8 16. Kc2 Be7 17. Re1 Kf8 18. a4 f6 19. a5 a6 20. Bf4 g5 21. Bd6 Bxd6
22. Nxd6 Rd7 23. Rh1 Kg7 24. Rae1 Nd8 25. c4 Nf7 26. Ne8+ Kh6 27. Nxf6 Rd4 28.
Kc3 Rf4 29. Nd5 Rf5 30. Bxf5 Bxf5 31. Re7 Nd8 32. b5 h4 33. Kd4 Kg6 34. Ke3 g4
35. Re5 Bd7 36. Nb6 Be6 37. c6 Kf6 38. Rc5 bxc6 39. bxc6 Bf5 40. c7 Ne6 41.
c8=Q 1-0

[Event "DVM U16 2014"]
[Site "Magdeburg GER"]
[Date "2014.12.30"]
[Round "7"]
[White "Henke, Georg"]
[Black "Joeres, Roman"]
[Result "1-0"]
[Termination "normal"]
[Board "9.4"]
[WhiteElo "1551"]
[BlackElo "1454"]
[WhiteTeam "BSV 63 Chemie Weißensee"]
[BlackTeam "Karlsruher SF 1853"]
[PlyCount "43"]
[WhiteFideId "24693936"]
[BlackFideId "12964816"]
[EventCountry "GER"]
[EventRounds "7"]
[EventType "team-swiss"]
[EventDate "2014.12.26"]

1. e4 e6 2. d4 d5 3. e5 c5 4. c3 Nc6 5. Nf3 Bd7 6. Be3 cxd4 7. cxd4 Qc7 8. Nc3
Bb4 9. a3 Ba5 10. Rc1 Bxc3+ 11. Rxc3 Nge7 12. b4 Qb6 13. Be2 Nf5 14. Qd3 Nxe3
15. fxe3 Ke7 16. O-O h6 17. Nh4 a6 18. Bh5 Raf8 19. Bxf7 Nxe5 20. dxe5 Bb5 21.
Ng6+ Kd8 22. Qc2 1-0

[Event "DVM U16 2014"]
[Site "Magdeburg GER"]
[Date "2014.12.30"]
[Round "7"]
[White "Le, Kim Anh"]
[Black "Wagner, Dominik"]
[Result "0-1"]
[Termination "normal"]
[Board "10.3"]
[WhiteElo "1269"]
[BlackElo "1833"]
[WhiteTeam "SK 1980 Gernsheim"]
[BlackTeam "USC Magdeburg"]
[PlyCount "82"]
[WhiteFideId "12947342"]
[BlackFideId "12957380"]
[EventCountry "GER"]
[EventRounds "7"]
[EventType "team-swiss"]
[EventDate "2014.12.26"]

1. e4 e5 2. Nf3 Nc6 3. Nc3 Nf6 4. a3 d5 5. Bb5 Qd6 6. exd5 Nxd5 7. Qe2 Nxc3 8.
bxc3 f6 9. O-O Bg4 10. d4 O-O-O 11. h3 Bh5 12. Bb2 exd4 13. cxd4 Bxf3 14. Qxf3
Nxd4 15. Qg4+ Qe6 16. Qxe6+ Nxe6 17. Rad1 Bc5 18. Be2 h5 19. Rxd8+ Nxd8 20. Bd3
Nf7 21. Bf5+ Kb8 22. Re1 a6 23. Bg6 Nd6 24. Re7 Nc4 25. Bxf6 gxf6 26. Rf7 Bd4
27. Rd7 Be5 28. Rd3 Nd6 29. Rd5 h4 30. Rd1 Rd8 31. Bd3 Ne4 32. Rb1 Nc5 33. Bc4
Ka7 34. Kf1 Rd2 35. Bb3 Nxb3 36. cxb3 Rb2 37. Rxb2 Bxb2 38. a4 Kb6 39. Ke2 Kc5
40. Kd3 Kb4 41. Kc2 Be5 0-1

[Event "DVM U16 2014"]
[Site "Magdeburg GER"]
[Date "2014.12.30"]
[Round "7"]
[White "Wagner, Benjamin"]
[Black "Rothermel, Henrik"]
[Result "1-0"]
[Termination "normal"]
[Board "10.4"]
[WhiteElo "1652"]
[BlackElo "1447"]
[WhiteTeam "USC Magdeburg"]
[BlackTeam "SK 1980 Gernsheim"]
[PlyCount "82"]
[WhiteFideId "12957330"]
[BlackFideId "12947369"]
[EventCountry "GER"]
[EventRounds "7"]
[EventType "team-swiss"]
[EventDate "2014.12.26"]

1. e4 e5 2. Nf3 Nc6 3. Bc4 Bc5 4. c3 Nf6 5. d3 d6 6. O-O Qe7 7. Bb3 Be6 8. Bc2
d5 9. Qe2 d4 10. Nbd2 O-O-O 11. Rd1 Ng4 12. Rf1 h5 13. a3 f6 14. c4 a5 15. Ba4
Rd6 16. Bxc6 Rxc6 17. b4 Bb6 18. Qd1 Bd7 19. Qb3 Re6 20. Rb1 a4 21. Qc2 Ba7 22.
b5 Rf8 23. Qxa4 Ra6 24. Qc2 Re6 25. a4 b6 26. Qa2 Kd8 27. Ba3 Qf7 28. Bxf8 Qxf8
29. a5 bxa5 30. Qxa5 Bb6 31. Qa8+ Bc8 32. Ra1 Ke7 33. Nh4 Kf7 34. Nb3 Qb4 35.
Qxc8 Qxb3 36. Nf5 Bc5 37. Qxc7+ Be7 38. Ra7 Qb4 39. Nxe7 Rxe7 40. Qxe7+ Qxe7
41. Rxe7+ Kxe7 1-0